000 00930cam a22002895a 4500
001 12084328
003 OSt
005 20160225111124.0
008 140619t2012 njua frbd 001 0 eng d
020 _a9780470141175
040 _aUMI
_beng
_cUMI
_dEG-ScBUE
_dEG-ScBUE
082 0 4 _a658.7
_bSAN
_222
100 1 _aSanders, Nada R.
_938864
245 1 0 _aSupply chain management :
_ba global perspective /
_cNada R. Sanders.
260 _aHoboken :
_bJohn Wiley & Sons,
_cc.2012.
300 _axix ,428 p. :
_bill. ;
_c24 cm.
500 _aIndex : p. 417-428.
500 _aGlossary : p. 409-415.
504 _aIncludes bibliographical references.
650 7 _aBusiness logistics.
_2BUEsh
_931004
650 7 _aBusiness intelligence.
_2BUEsh
_93881
650 7 _aData mining.
_2BUEsh
_927695
651 _2BUEsh
653 _bBUSADM
_cAugust2015
_cDecember2015
_cFebruary2016
710 2 _aSafari Tech Books Online.
942 _2ddc
999 _c20686
_d20658